00505nam a2200157Ia 4500008004100000020001800041040001300059082001700072100001900089245003200108260004100140300002300181500006400204650005700268650002200325191130s1995##################000#0#eng## a9780700703111 aACLcACL a297.4092 HAL aMason, Herbert aAl-HallajcHerbert W. Mason aRichmond, SurreybCurzon Pressc1995 axv, 107 p. ; 22 cm aIncludes bibliographical references (p. 99-103) and indexes aḤallāj, al-Ḥusayn ibn Manṣūr, 858 or 9-922 aSufis - Biography